[Event "Alassio West End op 2nd"]
[Site "Alassio"]
[Date "2016.10.02"]
[Round "4"]
[White "Picasso, Filippo"]
[Black "Gandolfo, Gianluca"]
[Result "1-0"]
[WhiteElo "1474"]
[BlackElo "1712"]
[PlyCount "59"]
[EventDate "2016.09.30"]
[EventType "swiss"]
[EventRounds "5"]
[EventCountry "ITA"]
[SourceTitle "EXT 2018"]
[Source "ChessBase"]
[SourceDate "2017.10.13"]
[SourceVersion "1"]
[SourceVersionDate "2017.10.13"]
[SourceQuality "1"]

1. d4 Nf6 2. Bf4 g6 3. Nf3 Bg7 4. e3 d6 5. Bd3 Nc6 6. Nbd2 0-0 7. c3 a5 8. Qc2 Rb8 9. 0-0-0 b5 10. h4 Ng4 11. Ne4 Bf5 12. Neg5 Bxd3 13. Rxd3 b4 14. c4 b3 15. Rxb3 Nb4 16. Rxb4 Rxb4 17. h5 e5 18. dxe5 dxe5 19. hxg6 exf4 20. gxf7+ Rxf7 21. Qxh7+ Kf8 22. Ne6+ Ke7 23. Nxd8 Bxb2+ 24. Kc2 Rxh7 25. Nc6+ Kd6 26. Nxb4 Rxh1 27. Kxb2 axb4 28. exf4 Rf1 29. Nd2 Nf6 30. Nxf1 1-0

[Event "Alassio West End op 2nd"]
[Site "Alassio"]
[Date "2016.10.01"]
[Round "2"]
[White "Pivari, Flavio"]
[Black "Gandolfo, Gianluca"]
[Result "1-0"]
[WhiteElo "1526"]
[BlackElo "1712"]
[PlyCount "47"]
[EventDate "2016.09.30"]
[EventType "swiss"]
[EventRounds "5"]
[EventCountry "ITA"]
[SourceTitle "EXT 2018"]
[Source "ChessBase"]
[SourceDate "2017.10.13"]
[SourceVersion "1"]
[SourceVersionDate "2017.10.13"]
[SourceQuality "1"]

1. e4 c5 2. Nf3 d6 3. d4 cxd4 4. Nxd4 Nf6 5. Nc3 a6 6. Bg5 e6 7. f4 Be7 8. Qf3 Nbd7 9. Bc4 e5 10. Nf5 Bf8 11. 0-0-0 Nc5 12. fxe5 h6 13. Bxf6 gxf6 14. Nxd6+ Bxd6 15. Rxd6 Qe7 16. Rhd1 0-0 17. exf6 Qe5 18. R6d5 Qc7 19. Rh5 Be6 20. e5 Kh7 21. Bd3+ Nxd3+ 22. Qxd3+ Kg8 23. Qg3+ Kh8 24. Qg7# 1-0

[Event "Imperia Savona Province-ch"]
[Site "Alassio"]
[Date "2016.01.15"]
[Round "1"]
[White "Gandolfo, Gianluca"]
[Black "Cirabisi, Federico"]
[Result "0-1"]
[WhiteElo "1706"]
[BlackElo "1986"]
[PlyCount "46"]
[EventDate "2016.01.15"]
[EventType "swiss"]
[EventRounds "5"]
[EventCountry "ITA"]
[SourceTitle "EXT 2018"]
[Source "ChessBase"]
[SourceDate "2017.10.13"]
[SourceVersion "1"]
[SourceVersionDate "2017.10.13"]
[SourceQuality "1"]

1. c4 f5 2. Nc3 Nf6 3. g3 e6 4. Nf3 d5 5. d4 c6 6. cxd5 exd5 7. Bg2 Bd6 8. Bg5 Nbd7 9. e3 0-0 10. Qd3 Qe8 11. 0-0 Ne4 12. Bf4 Bxf4 13. exf4 Rf6 14. Rfe1 Qh5 15. Ne5 Nxe5 16. fxe5 Rh6 17. h4 g5 18. Bf3 Qf7 19. hxg5 Nxg5 20. Ne2 Nh3+ 21. Kg2 f4 22. Rh1 fxg3 23. Nxg3 Nf4+ 0-1